| 000 | 00452nam a2200193Ia 4500 | ||
|---|---|---|---|
| 008 | 240510s9999 xx 000 0 und d | ||
| 020 | _a0008129700158 | ||
| 041 | _aEng | ||
| 082 | _a004.21 | ||
| 082 | _bB37 | ||
| 100 | _aBITTNER, K. & SPENCE, I. | ||
| 245 | 0 | _aUSE CASE MODELING | |
| 260 | _bNEW DELHI : Pearson Education | ||
| 260 | _c2003 | ||
| 300 | _a347 p. | ||
| 650 | _aUSE CASES : OBJECT TECHNOLOGY | ||
| 942 | _2ddc | ||
| 942 | _cRBK | ||
| 999 |
_c27916 _d27916 |
||
| 945 |
_a1 _bMadushi Gamage _c1 _dMadushi Gamage |
||